00969nas a2200241Ia 4500001001100000003000900011008004100020040001300061040001300074041001300087100003800100210001600138222001600154245006900170250001100239260002300250501008600273300001000359310001600369362002600385500026000411650005600671R233/45516IT-RoPAU151124c99999999xx |||||||||||| ||und|| aIT-RoPAU cIT-RoPAU aITALIANO aAA.VV. gCodice Aut. SPICS: 12000 aFOTOCULTURA aFotocultura aFOTOCULTURA, ANNO 02-N.2 (1978)bFotocultura, Anno 02-N.2 (1978) a1a ed. aROMAbARNICAc1978 bPaulus - SPICS - Società San Paolo EM (non-commercial uses only)cCopyright2015 a40 p. aTRIMESTRALE aANNO 002, N.02 (1978) aRassegna Fotografica Trimestrale. Intercapedine: Uno Spazio Fotografico: Intervista di Massimo Comenducci a Pia Pascalino. Fotografia Come Paramtero di Progettazione. Rassegna Stampa Italiana ed Estera: Fotografia e Ambiente, Fotografia e Scuola. Fotograf aCOMUNICAZIONE - FOTOGRAFIAvPUBBLICAZIONE PERIODICA